Normal view
MARC view
- MOEEZ, HAMZA, DR MUHAMMAD SALMAN
Entry Personal Name
001 - CONTROL NUMBER
- control field: 71594
003 - CONTROL NUMBER IDENTIFIER
- control field: NUST
005 - DATE AND TIME OF LATEST TRANSACTION
- control field: 20210628204643.0
008 - FIXED-LENGTH DATA ELEMENTS
- fixed length control field: 210628|| aca||aabn | a|a d
040 ## - CATALOGING SOURCE
- Original cataloging agency: NUST
- Transcribing agency: NUST
100 ## - HEADING--PERSONAL NAME
- Personal name: MOEEZ, HAMZA, DR MUHAMMAD SALMAN
670 ## - SOURCE DATA FOUND
- Source citation: Work cat.: (NUST): MOEEZ, HAMZA, DR MUHAMMAD SALMAN, PR-SOF-1341-ATTITUDE AND HEADING REFERENCE SYSTEM (AHRS), 2014
